000 00753nam a2200229Ii 4500
003 JO-AjNU
008 230605s9999||||xx |||||||||||||| ||und||
017 _a2005/8/2048
040 _aJO-AjNU
_bara
_erda
_cJO-AjNU
041 _aara
050 1 4 _aQH317.S2336 2006
100 3 _aشاهين ، جميل نعمان,
_eauthor
_919743
245 0 0 _aدليل العمل في مختبر الاحياء
250 _aط1
264 3 1 _aعمان:دار عالم الثقافة ، 2006
300 _a121ص
336 _atext
_btxt
_2rdacontent
337 _aunmediated
_bn
_2rdamedia
338 _avolume
_bnc
_2rdacarrier
490 0 _aسلسلة المختبرات العلمية
650 4 _aالمختبرات العلميه - الفيزياء
_919744
999 _aA6569
_c10137
_d10137